000 00485nam a2200181Ia 4500
003 GCL
008 140319s9999 xx 000 0 ara d
040 _aGCL /
_cGCL
082 0 4 _a146.2
_bم ا
100 1 _aمحمد قطب
245 1 0 _aالانسان بين المادية والاسلام /
_cمحمد قطب
260 _a[S.N] :
_bدار الشروق ،
_c1992
300 _a224 ص
490 _a
650 0 4 _aالاسلام
650 0 4 _aالمادية
942 _2ddc
_cBK
999 _c52707
_d52707